| 000 | 00997 a2200265 4500 | ||
|---|---|---|---|
| 005 | 20180312141948.0 | ||
| 008 | 131025s1991 ck a br|||| 00| 0 spa d | ||
| 020 | _a9580412782 | ||
| 040 |
_aCO-BoUCM _bspa _cJose A. Gerena _dJose A. Gerena |
||
| 041 | 0 | 0 | _aspa |
| 100 | 1 |
_aParramón Josep M. _958388 |
|
| 245 | 1 | 0 |
_aMi jardín _cJosep M. Parramón, Isidro Sánchez ; ilustraciones de Irene Bordoy |
| 260 |
_c1991 _bNorma _aBogotá (Colombia) |
||
| 300 |
_a[30] páginas _bilustraciones a color |
||
| 490 |
_aPrimera biblioteca de los niños _aSerie estoy en... |
||
| 650 | 7 |
_918516 _aLibros ilustrados para niños |
|
| 650 | 7 |
_918524 _aLibros y lectura para niños |
|
| 650 | 7 |
_918684 _aLiteratura infantil española |
|
| 650 | 7 |
_920374 _aNiños en la literatura |
|
| 690 |
_942863 _aLiteratura europea |
||
| 700 | 1 |
_aBordoy, Irene _eilustrador _963367 |
|
| 700 | 1 |
_aSánchez, Isidro _949116 |
|
| 942 |
_a18 _cLIBRO _e1 _mP259j _2DEWEY _h868.64 _n0 |
||
| 999 |
_c183013 _d183013 |
||